00458nam a22001577a 450000500170000001000150001702000270003203500130005903700130007208200120008510000160009724500750011326000410018827000430022930000280027220100813104517.0 aENG-100167 a97881207477807c150.00 aEN-83699 bDBAD/PUB a650.144 aNiraj Kumar aFacing interviews :cby Niraj Kumarbbe confident and make an impact / aNew DelhibSterling Paperbacksc2009 aSterling PaperbacksbNew Delhie110020 axii, 180 p.c20cm (Pbk)